| 000 | 00479nam a22001217a 4500 | ||
|---|---|---|---|
| 082 | _a220 PRO | ||
| 100 |
_aNC Shahzaib Zafar NC M.Saad Hasib Malik GC Hasil Shah Hamdani GC Waqas Bashir _971293 |
||
| 245 | _aPR-SOF-1757-Heads Up Display For Real Time Information Relay During Combat Scenarios | ||
| 260 |
_aISLAMABAD _bNUST COLLEGE OF EME _c2018 |
||
| 650 |
_a DE-ELECT-36 DECLASS _971294 |
||
| 700 |
_aPROJECT SUPERVISORS DR. TAHIR ZAIDI DR. QAISER CHAUDHRY _971295 |
||
| 942 | _cCR | ||
| 999 |
_c577891 _d577891 |
||